00572nam a2200157 i 4500001000300000100001500003245014700018260002100165040000800186041000800194942000700202008004100209999001700250856009800267952004900365bg1 aWEGNER, J. 0aWpływ podstawowych parametrów zazębienia na występowanie zjawiska interferencji w kołach zębatych o zarysie Wildhabera /cJ. Wegner. aPoznań,c1969. cBPK apol cKS s pl f |000 0 pol  c10473d10473 uhttp://koha.tu.koszalin.pl/cgi-bin/koha/opac-detail.pl?biblionumber=10473yKatalog online BPK 00104070aBPKbBPKcwoP 336p01781212yKS